000 00369pam a2200145 a 4500
020 _c
041 _h
082 _a4.0000000000000001E-2
_bMCH
100 _aMchale, Julie, Bailey
245 _aMastering Mentorship
_hTextual Documents
260 _aNew Delhi
_bSage Publications India Private Limited
_c2013
300 _a204
700 _aHart, Donna
930 _a167
999 _c107000
_d107000